| 000 | 00352 a2200157 4500 | ||
|---|---|---|---|
| 001 | 154280 | ||
| 040 | _cEscola São Tomás de Aquino | ||
| 100 | _aORTHOF, Sylvia | ||
| 240 | 1 | 0 |
_aFada Cisco quase nada _lpor |
| 245 | 1 | 0 | _aFada Cisco quase nada |
| 300 | _a24 | ||
| 362 | 0 | _a2008 | |
| 440 | 1 | _aÁtica | |
| 697 | _a*LITERATURA INFANTIL | ||
| 942 | _cBK | ||
| 999 |
_c154280 _d154280 |
||